| 000 | 00330nam a2200121Ia 4500 | ||
|---|---|---|---|
| 008 | 230907s9999||||xx |||||||||||||| ||und|| | ||
| 082 | _a536.7,ROG | ||
| 100 |
_aRogers, G.F.C. _9115162 |
||
| 245 | 0 | _aThermodynamic and transport properties of fluids/ | |
| 260 |
_aBlackwell Pub _bNew Delhi _c1995 |
||
| 300 | _a27 p.: | ||
| 942 | _cBK | ||
| 999 |
_c597734 _d597734 |
||